| 000 | 00508nam a22001937a 4500 | ||
|---|---|---|---|
| 003 | OSt | ||
| 005 | 20160422143147.0 | ||
| 008 | 160422b xxu||||| |||| 00| 0 eng d | ||
| 020 | _a0335153615 | ||
| 040 | _cDDC. | ||
| 082 | _a321KUM 1991. | ||
| 100 |
_aKumar,Krishan. _98192 |
||
| 245 | _aUtopianism. | ||
| 260 |
_aBuckingham. _bOpen University Press. _c1991. |
||
| 300 |
_aviii,136p; _bill; _c17cm. |
||
| 504 | _aincludes Notes Bibliography and index. | ||
| 650 |
_aUtopianism. _98193 |
||
| 942 |
_2ddc _cSLOAN |
||
| 999 |
_c3696 _d3696 |
||